U.S. Largest Libraries Quiz Stats

 Plays Quiz Updated Jan 26, 2012

Score 0/26 Timer 07:00
3 Plays Today
Volumes Held Library % Correct
16,250,117Harvard University
86.5%
15,348,427New York Public Library
84.5%
12,519,514Yale University
82.7%
32,818,014Library of Congress
81.2%
8,597,159University of Chicago
72.9%
6,941,254 Princeton University
69.4%
23,595,895Boston Public Library
64.4%
6,219,060Los Angeles Public Library
63%
7,488,196County of Los Angeles Public Library
62.9%
7,409,221University of Washington
62.3%
8,500,000Stanford University
59%
9,447,434University of Texas - Austin
58.5%
8,393,910University of California - Los Angeles
57.1%
Volumes Held Library % Correct
10,296,816Columbia University
57%
9,175,102University of Michigan
54.9%
8,141,781Cornell University
50.9%
6,285,446Ohio State University
41.1%
11,686,060University of Illinois - Urbana-Champaign
38.6%
8,723,253Indiana University
36.7%
8,059,335University of Wisconsin - Madison
35.9%
6,526,824University of North Carolina - Chapel Hill
35%
6,877,699University of Minnesota
31.8%
11,087,687University of California - Berkeley
30.9%
7,366,782Detroit Public Library
26.5%
9,261,259Public Library of Cincinnati & Hamilton County
13.5%
6,609,444Queens Borough Public Library
4.3%

You're not logged in!

Compare scores with friends on all Sporcle quizzes.
OR
Log In

Sporcle TV

Today on Sporcle TV


Watch our educational content, quiz creation guides, and fun videos on Sporcle TV.

Show Comments

Extras

Top Quizzes Today


Score Distribution

Your Account Isn't Verified!

In order to create a playlist on Sporcle, you need to verify the email address you used during registration. Go to your Sporcle Settings to finish the process.

Report this User

Report this user for behavior that violates our Community Guidelines.

Details: